<?xml version="1.0" encoding="UTF-8"?>
<record
    xmlns:xsi="http://www.w3.org/2001/XMLSchema-instance"
    xsi:schemaLocation="http://www.loc.gov/MARC21/slim http://www.loc.gov/standards/marcxml/schema/MARC21slim.xsd"
    xmlns="http://www.loc.gov/MARC21/slim">

  <leader>01162nam a2200133   4500</leader>
  <controlfield tag="008">821.92 L998m</controlfield>
  <datafield tag="082" ind1=" " ind2=" ">
    <subfield code="a">821.92</subfield>
    <subfield code="b">L998m</subfield>
  </datafield>
  <datafield tag="100" ind1=" " ind2=" ">
    <subfield code="a">Lytton Regalado, Alexandra </subfield>
    <subfield code="9">6856</subfield>
  </datafield>
  <datafield tag="245" ind1=" " ind2=" ">
    <subfield code="a">Matria</subfield>
  </datafield>
  <datafield tag="260" ind1=" " ind2=" ">
    <subfield code="a">Estados Unidos</subfield>
    <subfield code="b">Black Lawrence Press</subfield>
    <subfield code="c">2014</subfield>
  </datafield>
  <datafield tag="300" ind1=" " ind2=" ">
    <subfield code="a">89</subfield>
    <subfield code="c">24 x 16.5 cm</subfield>
  </datafield>
  <datafield tag="505" ind1=" " ind2=" ">
    <subfield code="t">El Chandelier</subfield>
    <subfield code="t">Salvadoran Road Bingo</subfield>
    <subfield code="t">LOTERIA I</subfield>
    <subfield code="t">La Cachiporrista</subfield>
    <subfield code="t">La Lluvia</subfield>
    <subfield code="t">La Enfermera</subfield>
    <subfield code="t">La Papalota </subfield>
    <subfield code="t">La Quincea&#xF1;era </subfield>
    <subfield code="t">La Ca&#xF1;a</subfield>
    <subfield code="t">La Mesa</subfield>
    <subfield code="t">La J&#xED;cara</subfield>
    <subfield code="t">La Moneda</subfield>
    <subfield code="t">La Mosca</subfield>
    <subfield code="t">La Vecina</subfield>
    <subfield code="t">La Jarra</subfield>
    <subfield code="t">La Maestra</subfield>
    <subfield code="t">La Calavera </subfield>
    <subfield code="t">La Gallina </subfield>
    <subfield code="t">LA SEMILLA</subfield>
    <subfield code="t">Hombres de Ma&#xED;z: Variations on Mayan Creation Story </subfield>
    <subfield code="t">Land O</subfield>
    <subfield code="t">Return to the house on the Cul-de-Sac</subfield>
    <subfield code="t">Fine or nothing</subfield>
    <subfield code="t">From everglades series #22, Chromogenic Print with Flash Whisbone </subfield>
    <subfield code="t">From everglades series #22, Chromogenic Print with Flash Whisbone </subfield>
    <subfield code="t">Whisbone </subfield>
    <subfield code="t">This is Grace, He says</subfield>
    <subfield code="t">Rip the Stitches</subfield>
    <subfield code="t">Chabelita Sings Cielito Lindo as She Sweeps the Dining Room Floor </subfield>
    <subfield code="t">Chabelita clears de Table </subfield>
    <subfield code="t">LOTERIA II</subfield>
    <subfield code="t">La Medusa </subfield>
    <subfield code="t">Chabelita clears de Table </subfield>
    <subfield code="t">Chabelita clears de Table </subfield>
    <subfield code="t">Chabelita clears de Table </subfield>
    <subfield code="t">Chabelita clears de Table </subfield>
    <subfield code="t">Chabelita clears de Table </subfield>
  </datafield>
  <datafield tag="650" ind1=" " ind2=" ">
    <subfield code="x">literatura</subfield>
    <subfield code="x">poes&#xED;a</subfield>
    <subfield code="x">Estados Unidos</subfield>
    <subfield code="9">6857</subfield>
  </datafield>
  <datafield tag="999" ind1=" " ind2=" ">
    <subfield code="c">1703</subfield>
    <subfield code="d">1703</subfield>
  </datafield>
  <datafield tag="952" ind1=" " ind2=" ">
    <subfield code="0">0</subfield>
    <subfield code="1">0</subfield>
    <subfield code="2">ddc</subfield>
    <subfield code="4">0</subfield>
    <subfield code="7">0</subfield>
    <subfield code="a">LV</subfield>
    <subfield code="b">LV</subfield>
    <subfield code="c">Literatura</subfield>
    <subfield code="d">2019-01-17</subfield>
    <subfield code="l">0</subfield>
    <subfield code="o">821.92 L998m</subfield>
    <subfield code="p">004688</subfield>
    <subfield code="r">2019-01-17 00:00:00</subfield>
    <subfield code="w">2019-01-17</subfield>
    <subfield code="y">01</subfield>
  </datafield>
</record>
